000 00295nam a22001337a 4500
008 170227b xxu||||| |||| 00| 0 eng d
020 _a9780878916177
041 _aeng
080 _a577
100 _a5
101 _aSHMB
245 _aESSENTALS ORGANIC CHEMISTRY
_cFOGIEL.M
942 _2udc
_cBK
999 _c6310
_d6310